00554nam a22002175i 450000100090000000300040000900500170001300800410003001000170007102000310008802000180011902000280013704000230016504200080018808200220019610000160021824500630023425000170029726300090031430000130032319608759OSt20170803200334.0170421s2016 nyu 000 0 eng  a 2017940681 a9781337102124 (alk. paper) a9781285860268 a1337102121 (alk. paper) aDLCbengerdacDLC apcc 223a006.7882bZDP1 aZak, Diane.10aProgramming with Microsoft visual basic 2015 /cDiane Zak. a8th edition. a1706 apages cm